| 000 | 00915cam a22002413a 4500 | ||
|---|---|---|---|
| 001 | 21990 | ||
| 003 | PGUSA | ||
| 005 | 20140828083452.0 | ||
| 008 | 070703s2007||||xxu|||||s|||||000 | eng d | ||
| 040 |
_aPGUSA _beng |
||
| 042 | _adc | ||
| 050 | 4 | _aE201 | |
| 100 | 1 |
_aJohnston, Henry Phelps, _d1842-1923 |
|
| 245 | 1 | 4 |
_aThe Campaign of 1776 around New York and Brooklyn : _bIncluding a new and circumstantial account of the battle of Long island and the loss of New York, with a review of events to the close of the year _h[electronic resource] / _cHenry Phelps Johnston |
| 260 |
_bProject Gutenberg, _c2007 |
||
| 506 | _aPublic domain in the USA. | ||
| 516 | _aElectronic text | ||
| 653 | _aNew York (N.Y.) -- History -- Revolution, 1775-1783 | ||
| 653 | _aLong Island, Battle of, New York, N.Y., 1776 | ||
| 830 | 0 |
_aProject Gutenberg _v21990 |
|
| 856 | 4 | 0 | _uhttp://www.gutenberg.org/ebooks/21990 |
| 942 | _cEB | ||
| 999 |
_c251245 _d251245 |
||